000 01860nam a2200349 4500
001 269
003 OSt
005 20250528074016.0
008 250313b |||||||j |||| 00| 1 eng d
020 _a9788539505487
040 _bPor
041 _heng
_apor
082 _a028.5
_bS879c
100 _aStone, Rex
_9494
240 _aDinosaur Cove: March of the Armoured Beasts
245 _aA Caverna dos Dinossauros
_bA marcha das feras encouraçadas /
_cStone, Rex ; tradução de Barbara Sampaio Vieira Duarte e ilustração de Mike Spoor
260 _aSão Paulo
_bFundamento
_c2014
300 _a59 p.
_bil.
490 1 _aA Caverna dos Dinossauros
_vLivro 3
520 _aJamie e seu amigo, Tom, estão de volta às fantásticas paisagens do Mundo dos Dinossauros. Assim que eles chegam, dão de cara com pegadas enormes e decidem segui-las. A trilha leva a um grupo de gigantescos dinossauros cobertos por uma carapaça impenetrável e com rabos que parecem uma clava. O Descobridor de Fósseis os identifica como anquilossauros. Os imensos répteis não sabem, mas um filhote se desgarrou do bando e corre grande perigo. O bebê dino está atolado no pântano e afunda rapidamente em um lamaçal fedorento. Por sorte, Jamie e Tom o encontram e vão fazer todo o possível para salvá-lo. Mas, será que a mamãe anquilossauro vai entender que os garotos só querem ajudar? Ou vai atacá-los com sua cauda poderosa? Leia e descubra!
650 0 _aLiteratura Americana
_984
650 0 _aInfantojuvenil
_9200
650 0 _aDinossauros
_9495
650 0 _aAventura
_947
650 0 _aGrandes Amizades
_928
655 0 _aRomance
_923
655 0 _aFicção
_922
700 _aBarbara Sampaio Vieira Duarte
_eTRADUTORA
_9496
700 _aMike Spoor
_eIlustrador
_9497
830 _aA Caverna dos Dinossauros
_vLivro 3
_9498
942 _2ddc
_n0
_cBK
999 _c269
_d269